Primer taller regional para el fortalecimiento de la red regional de capacitación de personal y de apoyos específicos en programas de alfabetización y educación de adultos en el marco del proyecto principal de educación para América Latina y el Caribe /

Detalles Bibliográficos
Autor Corporativo: ORELAC (ed.)
Formato: Libro
Lenguaje:inglés
Publicado: Santiago, Chile ORELAC 1986

MARC

LEADER 00000cam a2200000 a 4500
001 016446
003 UAHC_CL
005 20170803121357.0
008 031210b xx j 000 1 eng
040 |a UAHC_CL  |c UAHC_CL  |d UAHC_CL 
245 1 0 |a Primer taller regional para el fortalecimiento de la red regional de capacitación de personal y de apoyos específicos en programas de alfabetización y educación de adultos en el marco del proyecto principal de educación para América Latina y el Caribe /  |c OREALC. 
260 |b ORELAC  |c 1986  |a Santiago, Chile 
300 |a 177 p. 
710 1 |a ORELAC  |e ed. 
900 |a 374 ORE 
942 |c BK 
952 |0 0  |1 0  |4 0  |6 374_000000000000000_ORE  |7 0  |8 General  |9 32798  |a BC  |b BC  |c General  |d 2017-08-03  |o 374 ORE  |p 1341048  |r 2026-01-13 00:00:00  |t 1  |w 2017-08-03  |y BK 
999 |c 16446  |d 16446